Dark city Σκοτεινή πόλη

Όταν ο Τζον Μέρντοκ ξυπνά ξαφνικά σε ένα άγνωστο ξενοδοχείο, ανακαλύπτει ότι καταζητείται από τον ιατρό Ντάνιελ Σρέμπερ και τον επιθεωρητή Φράνκ Μπερνστεντ για πολυάριθμους φόνους. Το πρόβλημα είναι ότι δεν γνωρίζει αν τους διέπραξε ή όχι. Κυνηγημένος παράλληλα από την αστυνομία και τους Ξένους, μυσ...

Full description

Saved in:
Bibliographic Details
Other Authors: Proyas, Alex, 1963- (Screenwriter, Director), Sewell, Rufus, 1967- (Actor), Sutherland, Kiefer, 1966- (Actor), Hurt, William (Actor)
Format: Slide
Language:English
Greek
Published: [S.l.] : Mystery Clock [Εταιρεία διανομής], c1998.
Subjects:
Tags: Add Tag
No Tags, Be the first to tag this record!

MARC

LEADER 00000cgm a2200000 i 4500
001 1/43261
008 070420s1998 xx ||| | || ||eng||
035 |l 10087560 
040 |a GR-MyUa  |b gre  |e AACR2 
041 0 |a eng  |j gre 
082 7 |a 791.437   |2 (22) 
245 0 0 |a Dark city   |h [μαγνητοσκόπηση] =   |b Σκοτεινή πόλη /   |c directed by Alex Proyas. 
246 1 |i Παράλληλος τίτλος:   |a Σκοτεινή πόλη  
260 |a [S.l.] :   |b Mystery Clock [Εταιρεία διανομής],   |c c1998. 
300 |a 1 βιντεοδίσκος (97 λεπτ.) :   |b ομίλ., έγχρ. ;   |c 4 3/4 ίν. 
500 |a Διανέμεται δωρεάν με το τέυχ. 208 του περιοδικού RAM. 
508 |a Κάστινγκ, Valerie McCaffrey, Shauna Wolifson, Vanessa Pereira ; μουσική, Trevor Jones ; κοστούμια, Liz Keogh ; μοντάζ, Dov Hoenig ; καλλιτεχνική διεύθυνση, Patrick Tatopoulos ; διεύθυνση φωτογραφιάς, Dariusz Wolski ; παραγωγή ροής, Barbara Gibbs ; εκτέλεση παραγωγής, Michael De Luca και Brian Witten ; παραγωγή, Andrew Mason και Alex Proyas ; πλοκή, Alex Proyas ; σενάριο, Alex Proyas, Lex Dobbs και David S. Goyer. 
511 0 |a Rufus Sewell, Kiefer Sutherland, Jennifer Connelly, Richard O' Brien, Ian Richardson and William Hurt. 
520 8 |a Όταν ο Τζον Μέρντοκ ξυπνά ξαφνικά σε ένα άγνωστο ξενοδοχείο, ανακαλύπτει ότι καταζητείται από τον ιατρό Ντάνιελ Σρέμπερ και τον επιθεωρητή Φράνκ Μπερνστεντ για πολυάριθμους φόνους. Το πρόβλημα είναι ότι δεν γνωρίζει αν τους διέπραξε ή όχι. Κυνηγημένος παράλληλα από την αστυνομία και τους Ξένους, μυστηριώδη πλάσματα που έχουν την ικανότητα να σταματούν το χρόνο και να αλλοιώνουν την φυσική πραγματικότητα, ο Τζον Μέρντοκ προσπαθεί να ξετυλίξει το νήμα που οδηγεί στην πραγματική του ταυτότητα. Σε μία πόλη όμως που η πραγματικότητα είναι η υπέρτατη αυταπάτη, η ανακάλυψη της αλήθειας μπορεί να αποβεί μοιραία για τους ήρωες της ιστορίας. 
546 |a Στα αγγλικά με υπότιτλους στα ελληνικά. 
655 7 |a Feature films  |2 lcgft 
650 0 |a Fugitives from justice  |v Drama. 
700 1 |a Proyas, Alex,   |d 1963-  |e aus  |e drt 
700 1 |a Sewell, Rufus,   |d 1967-  |e act 
700 1 |a Sutherland, Kiefer,   |d 1966-  |e act 
700 1 |a Hurt, William,  |e act 
852 |a INST  |b CHIOS  |c AV  |e 20070720  |h 791.4372 DAR  |p 005200028929  |q 005200028929  |t DVD  |y 23 
852 |a INST  |b SYROS  |c AV  |e 20070420  |h 791.437 PRO  |p 005500007457  |q 005500007457  |t DVD  |y 23 
901 |a BIBL5-2007-1 
901 |a BIBL2-2007-2 
970 |a Κοντού  |b Παρασκευή  |z 20/04/2007